Los secretos de la Isla de Pascua
Guardat en:
| Autor principal: | |
|---|---|
| Format: | Llibre |
| Idioma: | espanyol |
| Publicat: |
Buenos Aires
Joaquín Almendros
1973
|
| Edició: | 2a. ed |
| Matèries: | |
| Etiquetes: |
Afegir etiqueta
Sense etiquetes, Sigues el primer a etiquetar aquest registre!
|
MARC
| LEADER | 00000nam a2200000 a 4500 | ||
|---|---|---|---|
| 001 | UCJ3422 | ||
| 003 | CL-VaPUC | ||
| 005 | 20240611105634.0 | ||
| 008 | 070124e19730630AG |||||||||||||||||spa|d | ||
| 999 | |c 319544 |d 319542 | ||
| 040 | |c Pontificia Universidad Católica de Valparaíso | ||
| 082 | 0 | 4 | |a 918.3 |b CAS |2 21 |
| 100 | 0 | |a Castex, Louis |e author |9 505232 | |
| 245 | 1 | 4 | |a Los secretos de la Isla de Pascua |
| 250 | |a 2a. ed | ||
| 260 | |a Buenos Aires |b Joaquín Almendros |c 1973 | ||
| 300 | |a 153 p | ||
| 500 | |a Ilustraciones | ||
| 583 | |a last modification |c 20070124 00:00:00 |k Rodrigo Vera | ||
| 600 | 0 | 7 | |a EYRAUD, EUGENIO |2 CL-VaPUC |9 505233 |
| 600 | 0 | 7 | |a Métraux, Alfred, |d 1902-1963 |9 865358 |
| 650 | 0 | |a Arqueología |9 265619 | |
| 650 | 0 | |a Etnología |9 258726 | |
| 650 | 7 | |a LEYENDAS |2 CL-VaPUC |9 265258 | |
| 650 | 7 | |a LENGUA RAPA NUI |2 CL-VaPUC |9 260561 | |
| 650 | 0 | |a Misioneros |9 324171 | |
| 650 | 7 | |a FOLCKLORE |2 CL-VaPUC |9 370098 | |
| 650 | 0 | |a Cultura |9 269059 | |
| 650 | 0 | |a Mitología |9 255719 | |
| 650 | 7 | |a ISLAS CHILENAS |2 CL-VaPUC |9 505235 | |
| 651 | 0 | |a Isla de Pascua |9 261357 | |
| 942 | |c BK |2 ddc | ||
| 945 | |d 20070124 00:00:00 |a rinostro | ||
| 952 | |0 0 |1 0 |4 0 |6 918_300000000000000_CAS_1973 |7 0 |8 X |9 397885 |a FDOBUD |b FDOBUD |d 2019-11-22 |i 100364K |o 918.3 CAS 1973 |p 100364K |r 2019-11-22 |w 2019-11-22 |y BK_X |k BUD | ||